000 00465nam a2200193Ia 4500
005 20250603145318.0
008 250603s9999 xx 000 0 und d
020 _a9781032376752
050 _aHD 38.5 .B37/
100 _aBasu, Ron
245 0 _aManaging global supply chains
250 _a3rd ed.
260 _aNew York, NY
260 _bRoutledge
260 _c2023
300 _axii, 490 p. : ill. ; 23 cm.
650 _aNew York, NY
942 _cBK
999 _c41492
_d41492